000
00205 a2200097 4500
020
_a
9780590508353
041
_a
eng
100
_a
Cole, Joanna
245
_a
The magic SchoolBus, Blows its top
942
_c
BK
999
_c
31762
_d
31760